Charlu and the great glass elevator

Guardat en:
Dades bibliogràfiques
Format: Llibre
Etiquetes: Afegir etiqueta
Sense etiquetes, Sigues el primer a etiquetar aquest registre!
Thư viện lưu trữ: Mạng thư viện Đại học Đà Nẵng
LEADER 00416nam a22001691a 4500
001 000040688
003 16983
005 20160412023253.0
008 160412s0 000
082 |a A23223 
245 |a Charlu and the great glass elevator  |c Roald Dahl 
OWN |a LNN 
999 |a From the UDN01 
TYP |a Monograph 
980 |a Mạng thư viện Đại học Đà Nẵng